Biomaterials for Photocatalysis /
I tiakina i:
| Ētahi atu kaituhi: | |
|---|---|
| Hōputu: | Pukapuka |
| Reo: | Ingarihi |
| I whakaputaina: |
Berlín, Alemania :
De Gruyter Brill,
2023, c2023
|
| Urunga tuihono: | Ver documento en línea |
| Ngā Tūtohu: |
Kāore He Tūtohu, Me noho koe te mea tuatahi ki te tūtohu i tēnei pūkete!
|
MARC
| LEADER | 00000nam^a22000000a04500 | ||
|---|---|---|---|
| 001 | 000631068 | ||
| 005 | 20260415000000.0 | ||
| 009 | 20260415155819.33 | ||
| 020 | |a 9783110768749 | ||
| 037 | |a Acervo ITESO - Biblioteca | ||
| 041 | |a ING | ||
| 082 | |a Libro en línea | ||
| 245 | 0 | 0 | |a Biomaterials for Photocatalysis / |
| 264 | 4 | |a Berlín, Alemania : |b De Gruyter Brill, |c 2023, c2023 | |
| 264 | 2 | |a Berlín, Alemania : |b De Gruyter Brill [distribución], |c 2026 | |
| 300 | |a 1 libro electrónico en línea ( p.) | ||
| 300 | |a 1 recurso en línea | ||
| 336 | |a datos para computadora |b cod |2 rdacontenido | ||
| 337 | |a computadora |b c |2 rdamedio | ||
| 338 | |a recurso en línea |b cr |2 rdasoporte | ||
| 506 | 0 | |a Licencias ilimitadas | |
| 521 | |a De Gruyter Brill 2026 EEnlace Departamento de Procesos Tecnológicos e Industriales | ||
| 567 | |a Catalogación rápida | ||
| 649 | |a XX | ||
| 700 | |a Luque, Rafael |e (autor) | ||
| 856 | 4 | 0 | |u https://ezproxy.iteso.mx/login?qurl=https://www.degruyter.com/isbn/9783110768749 |y Ver documento en línea |
| 910 | |a Fondo General | ||
| 920 | |a Electrónicos - Libros en Línea | ||
| 930 | |a Plataforma Digital | ||
| 905 | |a 205 | ||
| 902 | |a https://opac.biblio.iteso.mx/vufind/Record/000631068 | ||